Diccionario de términos económicos
Պահպանված է:
| Հիմնական հեղինակ: | |
|---|---|
| Ձևաչափ: | Գիրք |
| Լեզու: | իսպաներեն |
| Հրապարակվել է: |
Santiago
Universitaria
1996
|
| Հրատարակություն: | 7a. ed |
| Խորագրեր: | |
| Ցուցիչներ: |
Ավելացրեք ցուցիչ
Չկան պիտակներ, Եղեք առաջինը, ով նշում է այս գրառումը!
|
MARC
| LEADER | 00000nam a2200000 a 4500 | ||
|---|---|---|---|
| 001 | UCH3767 | ||
| 003 | CL-VaPUC | ||
| 008 | 090818e19960000CL |||||||||||||||||spa|d | ||
| 020 | |a 9561111845 | ||
| 082 | 0 | 4 | |a 330.03 |b SEP |2 21 |
| 100 | 0 | |a Sepúlveda L., César |e author |9 539254 | |
| 245 | 1 | 0 | |a Diccionario de términos económicos |
| 250 | |a 7a. ed | ||
| 300 | |a 185 p | ||
| 942 | |c BK | ||
| 945 | |d 20090818 00:00:00 |a lazolas | ||
| 260 | |a Santiago |b Universitaria |c 1996 | ||
| 650 | 0 | |a Economía |9 255568 | |
| 650 | 0 | |a Finanzas |9 260832 | |
| 650 | 0 | |a Diccionarios |9 256200 | |
| 583 | |a last modification |c 20090818 00:00:00 |k Rodrigo Vera | ||
| 999 | |c 335200 |d 335198 | ||